Europejskie kraje najbardziej przyjazne dla osób LGBT+ - Statystyki

Ogólne statystyki
  • Ten quiz został rozwiązany 906 razy
  • Średni wynik to 11 z 15
Statystyki odpowiedzi
Procent Państwo % Poprawnych
13. 57.02% Francja
90%
8. 64.59% Hiszpania
87%
7. 65.07% Szwecja
85%
5. 67.49% Norwegia
83%
10. 63.73% Wielka Brytania
82%
12. 61.10% Holandia
80%
6. 65.33% Finlandia
77%
2. 74.24% Belgia
76%
9. 64.06% Dania
76%
4. 68.35% Portugalia
76%
15. 53.42% Irlandia
67%
14. 54.35% Islandia
66%
3. 71.95% Luksemburg
61%
1. 93.78% Malta
43%
11. 62.77% Czarnogóra
11%
Nie znaleziono quizów pasujących do podanych kryteriów
Rozkład punktacji
Procent ludzi z każdym wynikiem
Percentyl według liczby udzielonych odpowiedzi
Twoja historia wyników
Nie rozwiązałeś tego quizu